书目信息 |
| 题名: |
实用版法规专辑
|
|
| 作者: | ;中国法制出版社 编 | |
| 分册: | 民法 | |
| 出版信息: | 北京 中国法制出版社 2020.08 |
|
| 页数: | 837页 | |
| 开本: | 21cm | |
| 丛书名: | ||
| 单 册: | ||
| 中图分类: | D923.09 | |
| 科图分类: | ||
| 主题词: | 民法--min fa--中国--汇编 | |
| 电子资源: | ||
| ISBN: | 978-7-5216-1185-4 | |
| 000 | 01059nam 2200253 450 | |
| 001 | 2258482631 | |
| 005 | 20221017085048.59 | |
| 010 | @a978-7-5216-1185-4@dCNY72.00 | |
| 100 | @a20201023d2020 em y0chiy50 ea | |
| 101 | 0 | @achi |
| 102 | @aCN@b110000 | |
| 105 | @ay z 000yy | |
| 200 | 1 | @a实用版法规专辑@Ashi yong ban fa gui zhuan ji@f中国法制出版社编@FZhong Guo Fa Zhi Chu Ban She Bian@i民法 |
| 205 | @a第6版 | |
| 210 | @a北京@c中国法制出版社@d2020.08 | |
| 215 | @a837页@d21cm | |
| 300 | @a含《中华人民共和国民法典》 | |
| 330 | @a本书全面收录了《中华人民共和国民法典》、《中华人民共和国民事诉讼法》等法律及相关文件, 对重点法律加注条旨, 对主要法律条文进行注释, 注释都是从全国人大常委会法制工作委员会、中华人民共和国司法部等对条文的权威解读中提炼而来。收录了数件典型案例, 来自最高人民法院指导案例、公报案例等, 并点出适用要点。 | |
| 517 | 1 | @a民法@Amin fa |
| 606 | 0 | @a民法@Amin fa@y中国@j汇编 |
| 690 | @aD923.09@v5 | |
| 711 | 02 | @a中国法制出版社@AZhong Guo Fa Zhi Chu Ban She@4编 |
| 801 | 0 | @aCN@b人天书店@c20201023 |
| 905 | @aZUCC@dD923.09@e1-6 | |
| 实用版法规专辑/中国法制出版社编.民法.-第6版.-北京:中国法制出版社,2020.08 |
| 837页;21cm |
| 含《中华人民共和国民法典》 |
| ISBN 978-7-5216-1185-4:CNY72.00 |
| 本书全面收录了《中华人民共和国民法典》、《中华人民共和国民事诉讼法》等法律及相关文件, 对重点法律加注条旨, 对主要法律条文进行注释, 注释都是从全国人大常委会法制工作委员会、中华人民共和国司法部等对条文的权威解读中提炼而来。收录了数件典型案例, 来自最高人民法院指导案例、公报案例等, 并点出适用要点。 |
| ● |
| 相关链接 |
|
|
|
正题名:实用版法规专辑
索取号:D923.09/1-6
 
预约/预借
| 序号 | 登录号 | 条形码 | 馆藏地/架位号 | 状态 | 备注 |
| 1 | 2000894543 | 2000894543 | 第三书库/ [索取号:D923.09/1-6] | 在馆 | |
| 2 | 2000894544 | 2000894544 | 第三书库/ [索取号:D923.09/1-6] | 在馆 | |
| 3 | 2000894545 | 2000894545 | 第三书库/ [索取号:D923.09/1-6] | 在馆 |